The Effects of Research and Development (R&D) Investments on Sustainable Economic Growth: Evidence from OECD Countries (1996-2015)

Empirická analýza druhej generácie panelových údajov o vplyve investičných premenných výskumu a vývoja v rôznych kvalifikáciách v krajinách OECD zoskupených ako OECD-20 a OECD-9 na základe úrovní príjmov hospodárskeho rastu na obdobie 1996-2015.

Na minha lista:
Detalhes bibliográficos
Autor principal: Yazgan, Şekip
Outros Autores: Yalçinkaya, Ömer
Formato: Capítulo de Livro
Idioma:inglês
Assuntos:
Tags: Adicionar Tag
Sem tags, seja o primeiro a adicionar uma tag!

MARC

LEADER 00000naa a2200000 4500
001 0242346
005 20221104111935.3
041 0 |a eng 
044 |a CZ 
245 1 0 |a The Effects of Research and Development (R&D) Investments on Sustainable Economic Growth: Evidence from OECD Countries (1996-2015)  |c Şekip Yazgan, Ömer Yalçinkaya 
520 |a Empirická analýza druhej generácie panelových údajov o vplyve investičných premenných výskumu a vývoja v rôznych kvalifikáciách v krajinách OECD zoskupených ako OECD-20 a OECD-9 na základe úrovní príjmov hospodárskeho rastu na obdobie 1996-2015. 
610 2 0 |a analýza empirická 
610 2 0 |a výskum aplikovaný 
610 2 0 |a vývoj vedeckotechnický 
610 2 0 |a rozvoj trvalo udržateľný 
610 2 0 |a OECD 
610 2 0 |a pokrok technologický 
610 2 0 |a analýza dát 
100 1 |a Yazgan, Şekip 
700 1 |a Yalçinkaya, Ömer